| 000 | 02490nam a22003737a 4500 | ||
|---|---|---|---|
| 001 | 105847 | ||
| 003 | KnowledgeUnlatched | ||
| 005 | 20210303104918.0 | ||
| 006 | m o d | ||
| 007 | cr u|||||||||| | ||
| 008 | 210129p20152020xx o u00| u spa d | ||
| 037 | _5BiblioBoard | ||
| 245 | 0 | 0 |
_aReinventar un héroe _bNarrativas sobre los soldados rasos de la guerra de Corea / _cSebastián Quiroga Cubides. |
| 020 | _a9789587385939 | ||
| 029 | 1 | _ahttps://library.biblioboard.com/ext/api/media/71e2725e-e44d-4435-849e-f71598364f38/assets/thumbnail.jpg | |
| 040 |
_aScCtBLL _cScCtBLL |
||
| 100 | 1 |
_aQuiroga Cubides, Sebastián _eauthor. |
|
| 264 | 1 | _bSciELO Books - Editorial Universidad del Rosario, | |
| 300 | _a1 online resource. | ||
| 490 | 1 | _aCiencias humanas | |
| 506 | 0 |
_aAccess copy available to the general public. _fUnrestricted _2star |
|
| 520 | _aEl 12 de mayo de 1951 cerca de un millar de hombres desfilaron en la Plaza de Bolívar de Bogotá, prestos a dirigirse a la mayor aventura de sus vidas. Admirados por unos y cuestionados por otros, partieron hacia la península de Corea, donde se disputaba una guerra intestina que involucraba los intereses de las grandes potencias mundiales. Tres años y cientos de muertos después, regresaron a Colombia. La mayoría eran soldados rasos, y no sabían muy bien qué vendría después para ellos. El soldado raso suele ser el último en ser mencionado, pese a que constituyen casi dos tercios de los combatientes. En torno a ellos se han construido diferentes relatos: algunos los comparan con héroes míticos, otros los llaman carne de cañón. La mayoría de ellos pasan desapercibidos. La manera en que se narra su participación no solo refleja la forma de pensar de una sociedad, sino también las disputas que se dan dentro de ella para consolidar un relato histórico. | ||
| 588 | 0 | _aDescription based on print version record. | |
| 590 | _aKU Open Services | ||
| 650 | 7 |
_aSocial Science _2bisacsh |
|
| 650 | 0 | _aSocial sciences | |
| 655 | 0 | _aElectronic books. | |
| 758 |
_iIs found in: _aKnowledge Unlatched _1https://openresearchlibrary.org/module/2774bc74-146a-484f-a7ba-ab1d6a09bbfb |
||
| 830 | 0 | _aCiencias humanas | |
| 856 | 4 | 0 |
_uhttps://openresearchlibrary.org/content/71e2725e-e44d-4435-849e-f71598364f38 _zView this content on Open Research Library. _70 |
| 999 |
_c32932 _d32932 |
||